000
00302nam a22001337a 4500
082
_a
617.6342 ,O15G
100
_a
GARG ,NISHA
245
_a
TEXT BOOK OF OPERATIVE DENTISTRY
250
_a
3RD
260
_a
DELHI
_b
JAYPEE HEALTH SCIENCES
_c
2015
300
_a
524
650
_a
CONS
942
_2
ddc
_c
BK
_0
42
999
_c
9572
_d
9572